000 01222nam a2200253Ia 4500
003 OSt
005 20210920195810.0
008 210310s1977 ck gr 000 0 spa d
040 _aCO-JMCR
_cCO-JMCR
041 0 _aspa
082 0 4 _a339.419861 /
_bL925f
_223
100 1 _aLópez de Rodríguez, Cecilia,
_917619
_eautora
245 1 0 _aFamilia y consumo en la ciudad colombiana /
_cCecilia López de Rodríguez, Hernando Gómez Buendía
260 _aBogotá :
_bFundación para la Educación Superior y el Desarrollo,
_c1977
300 _a231 páginas ;
_c24 cm.
500 _aIncluye notas a pie de página.
504 _aBibliografía: páginas 217-222
505 0 _aComposición familiar y gasto, antecedentes y perspectivas -- La encuesta de presupuestos familiares, 1967-1968 -- Modelos alternativos de la curva de Engel -- Selección de modelos, clasificación de los bienes y economías de escala -- Composición familiar, gasto y bienestar -- Resumen y perspectivas
651 4 _aColombia
_xCosto y nivel de vida
_940652
651 4 _aColombia
_2
_xTamaño de la familia
_940653
651 4 _aColombia
_xConsumo (Economía)
_940654
700 1 _aGómez Buendía, Hernando,
_eautor
_940655
942 _2ddc
_cBK
999 _c8557
_d8557